| 000 | 00702nam a22002177a 4500 | ||
|---|---|---|---|
| 999 |
_c170013 _d170013 |
||
| 005 | 20191210114740.0 | ||
| 010 | _aENG-127045 | ||
| 020 |
_c599.00 _a9789353439736 |
||
| 035 | _aEN-110577 | ||
| 037 | _bDBAD/PUB | ||
| 082 | _a621.402 | ||
| 100 | _aPal, Amit | ||
| 245 |
_aHeat and master transfer / _cby Amit Pal [and] Shashank Mohan |
||
| 260 |
_aNoida _bPearson India Education _c2020 |
||
| 270 |
_a15th Floor, Tower-B, World Trade Tower, Plot No.1, Block-C, Sector 16 _bNoida, Uttar Pradesh _e201301 _k044-66540100 |
||
| 300 |
_avarious paging _c23cm(pbk) |
||
| 500 | _aIncludes index | ||
| 700 | _aPal, Amit | ||
| 700 | _aMohan, Shashank | ||
| 942 |
_2ddc _cEN _h621.402 _mPAL |
||